| 000 | 00736nam a22002177a 4500 | ||
|---|---|---|---|
| 005 | 20161110155840.0 | ||
| 010 | _aENG-116498 | ||
| 020 |
_a9789350980613 _c595.00 |
||
| 035 | _aEN-100030 | ||
| 037 | _bDBAD/PUB | ||
| 082 | _a201.7 | ||
| 100 | _aBalagangadhara,S.N. | ||
| 245 |
_aDo all road lead to jerusalem ? : _cby S.N. Balagangadhara [and] Divya Jhingran _bthe making of Indian religions / |
||
| 250 | _aext. rev. ed. | ||
| 260 |
_aNew Delhi _bManohar Publisher & Distributors _c2015 |
||
| 270 |
_a4753/23 Ansari Road,Daryaganj _bNew Delhi _e110002 |
||
| 300 |
_a466p. _c22cm (Hb) |
||
| 500 | _aIncludes bibliographical references and index | ||
| 700 | _a Jhingran, Divya | ||
| 942 |
_2ddc _cEN _h201.7 _mBAL |
||
| 999 |
_c104576 _d104576 |
||